000 01790cam a2200481 4500
001 21442
003 VRT
005 20260302113212.0
008 200228s2019 xo a br 000 j slo
015 _aSNBA2019/06
020 _a9788089429745
_q(viazané)
035 _aurn:nbn:sk:snk-am00ddbv
035 _aurn:nbn:sk:snk-am3hybj
035 _a11065860-D748-4C81-B22C-859E4ECFA3BE
039 9 _a202002281336
_bVLOAD
_c201906141407
_dmsnk21
_c201906031430
_dmsnk04
_c201903261017
_dmsvkbb08
040 _aSVKBB
_bslo
_cSVKBB
_dSNK
_erda
041 0 _aslo
044 _axo
_cSK
072 7 _a821.162.4-3
_xSlovenská próza
_2konspekt
072 7 _a821-93
_xLiteratúra pre deti a mládež (beletria)
_2konspekt
080 _a821.162.4-32
_22001
080 _a821-93
_22001
100 1 _aFaktorová, Xénia,
_d1993-
_4aut
245 1 0 _aAko sa muchotrávka naučila usmievať
_cXénia Faktorová ; ilustroval Martin Kellenberger
250 _aPrvé vydanie
264 1 _aBratislava
_bDAXE
_c2019
300 _a55 strán
_bilustrácie
_c21 cm
336 _atext
_btxt
_2rdacontent
337 _abez média
_bn
_2rdamedia
338 _azväzok
_bnc
_2rdacarrier
655 7 _aslovenské príbehy
_2SNKPH
655 7 _apublikácie pre deti
_2SNKPH
655 7 _aSlovak stories
_2SNKPHeng
655 7 _aChildren's literature
_2SNKPHeng
700 1 _aKellenberger, Martin,
_d1957-
_4ill
942 _2ddc
_cKLDE
_n0
949 _62889345950
_asavukPV 27876
_bsavuk2019/1043
949 _6270001000601177
_asvkbbA 156887
_bsvkbbm 782183
949 _617A1365097
_asnkSC 184511
_bsnk2019/15162
_o571/19
_s6100:20190620
949 _617A1365098
_asnkSC 184511 D1
_bsnk2019/15163
_o571/19
949 _6273K0643268
_asvkpoB 107037
_bsvkpo635555
999 _c21442
_d21442